Statistics for 3-Letter Scrabble Words that start with "W"

Click here to take the quiz!

General Stats

  • This quiz has been taken 635 times
  • The average score is 29 of 38

Answer Stats

Answer% Correct
was
97%
wad
96%
war
95%
wag
94%
wan
94%
wat
94%
way
94%
win
94%
wet
93%
wax
91%
wed
91%
wit
91%
won
91%
wap
89%
web
89%
wee
89%
wab
86%
wen
86%
wig
83%
wae
80%
waw
77%
wop
77%
why
76%
wot
76%
who
75%
woe
73%
woo
73%
wis
71%
wog
71%
wow
71%
wok
67%
wos
65%
wiz
63%
wha
51%
wry
44%
wud
44%
wye
36%
wyn
20%

Score Distribution

Percentile by Number Answered

Percent of People with Each Score

Your Score History

You have not taken this quiz